[Event "Olympiad-31"]
[Site "Moscow"]
[Date "1994.12.11"]
[Round "10.2"]
[White "Portisch, Lajos"]
[Black "Damljanovic, Branko"]
[Result "1-0"]
[WhiteElo "2610"]
[BlackElo "2505"]
[Annotator "Stohl,I"]
[PlyCount "121"]
[EventDate "1994.12.01"]
[EventType "team-swiss"]
[EventRounds "14"]
[EventCountry "RUS"]
[SourceTitle "CBM 045"]
[Source "ChessBase"]
[SourceDate "1995.04.01"]
[SourceVersion "1"]
[SourceVersionDate "1995.04.01"]
[SourceQuality "1"]
[WhiteTeam "Hungary"]
[BlackTeam "Serbia & Montenegro"]
[WhiteTeamCountry "HUN"]
[BlackTeamCountry "YUG"]

1. d4 {Hecht} Nf6 2. c4 g6 3. Nc3 Bg7 4. e4 d6 5. f3 O-O 6. Bg5 c5 7. d5 e6 8.
Qd2 exd5 9. cxd5 a6 10. Nge2 $5 (10. a4 h5 $6 11. Nge2 Nbd7 12. Nc1 Qc7 13. Be2
c4 14. O-O Rb8 15. Be3 b6 16. Rb1 b5 17. axb5 axb5 18. b4 Ne5 19. h3 Nh7 20.
Bd4 g5 21. Ra1 Bd7 22. Ra5 Ng6 23. Bxg7 Kxg7 24. Qd4+ $14 {Kelecevic,N-Stummer,
A/Budapest Nuovo/1992/}) 10... Nbd7 (10... b5 11. a4 b4 12. Nd1 h6 13. Be3 Nbd7
14. Rc1 Nh7 $5 15. Nf2 Qh4 16. Nf4 Ne5 17. Be2 Bd7 18. b3 a5 19. O-O Rfe8 20.
N4d3 Nxd3 21. Nxd3 f5 22. Bf2 Qe7 23. e5 $5 Bxe5 24. Nxe5 Qxe5 25. Rfe1 $44 {
Galliamova,A-Peng Zhaoqin/Tilburg ctW/1994/}) 11. Ng3 b5 12. Be2 (12. a4 bxa4
$5 (12... b4 13. Nd1 $14) 13. Rxa4 Qb6 $132) 12... c4 (12... Re8 13. O-O Qe7
14. Bh6 $14 Bh8 $4 15. Nf5 $1 Qd8 16. Nxd6 $18 {Chernin,A-Yermolinsky,A/
Groningen PCA/1993/}) (12... b4 $5 13. Nd1 a5 14. O-O Ba6 15. Bxa6 Rxa6 16. Rc1
Re8 17. Bh6 Ra7 18. Bxg7 Kxg7 19. Ne3 Nb6 20. b3 Kg8 21. Qb2 h5 22. Rfd1 Nh7
23. Ngf1 Qf6 24. Qxf6 Nxf6 25. Nd2 a4 26. Nec4 $14 {Dreev,A-Mecking,H/Tilburg/
1994/}) 13. O-O Nc5 $6 $146 (13... Re8 $5 14. Kh1 Qc7 15. Bh6 Bh8 16. Rac1 Nc5
17. Nd1 Qb6 18. Rc2 a5 19. Nf2 a4 20. Rb1 Nfd7 21. Be3 h5 22. Bf1 Qa5 23. Qd1
Ne5 24. h3 a3 $36 {Rajkovic,Du-Cvitan,O/JUG-chT/1989/}) 14. Kh1 (14. Bh6 $5 $14
) 14... Re8 15. Rab1 $1 {/\b4} Bd7 (15... b4 $2 16. Nd1 {><c4,b4}) 16. b4 cxb3
$8 (16... Nb7 17. Bd1 $5 $16 {/\Bc2,Nge2-d4,Rbe1,f4|^[+]}) 17. axb3 b4 18. Nd1
a5 19. Nf2 $14 Rc8 (19... Qb6 $6 {/\Bb5} 20. Qf4 $16) (19... Rb8 20. Nd3 Nxd3
21. Bxd3 Bb5 22. Bxb5 Rxb5 23. Ne2 $16 {/\Nd4,><c6}) 20. Nd3 Qe7 21. Nxc5 Rxc5
22. Rfc1 Rec8 23. Rxc5 Rxc5 24. Be3 Rc8 25. Ba6 Rb8 26. Bd3 h5 (26... Be8 $5
27. Ne2 (27. Rc1 a4 $132) 27... Nd7 $14) 27. Ne2 h4 28. Nd4 Qe8 (28... h3 29.
Nc6 Bxc6 30. dxc6 hxg2+ 31. Kxg2 $16) 29. Rc1 Rc8 (29... a4 30. bxa4 b3 (30...
Bxa4 31. Nc6 Bxc6 32. dxc6 b3 (32... Rc8 33. c7 Qd7 34. Qxb4 $18) 33. c7 Rc8
34. Ba6 Nxe4 (34... b2 35. Qxb2 Nd5 36. Qb7 $18) 35. fxe4 b2 36. Bxc8 $5
bxc1=Q+ 37. Qxc1 Qxc8 38. Bf4 $18) 31. Bb5 $16) 30. Rxc8 Qxc8 31. Qc2 $1 Qe8 (
31... Qxc2 32. Bxc2 $16 {׻,/\Nc6}) 32. Bc4 (32. Nc6 $2 Nxd5 $1 $19) 32... h3 (
32... a4 33. Nc6 $1 axb3 34. Bxb3 $16) (32... Kh7 33. Qf2 $16) 33. Nc6 $1 hxg2+
(33... Bxc6 34. dxc6 {/\} Qxc6 $4 35. Bxf7+ $18) 34. Kxg2 Nh5 35. Nxa5 Qe5 36.
Qd2 (36. Nc6 $6 Nf4+ $132) 36... Qa1 37. Nc6 Bc3 38. Qf2 Be1 39. Qf1 Qb2+ 40.
Qe2 Qa1 41. Bb5 Bh4 (41... Kh7 $5 $16) 42. Nd4 Bf6 $5 (42... Bc8 43. Nc2 Qc3
44. Qc4 $18) 43. Qd2 Bxb5 44. Nxb5 Bc3 45. Bd4 {><d6,b4} (45. Qf2 $5 $16) 45...
Bxd4 $8 (45... Bxd2 46. Bxa1 Bf4 47. Bd4 $18) 46. Nxd4 Nf4+ $1 47. Kf2 (47.
Qxf4 $6 Qxd4 48. Qxd6 Qd2+ 49. Kg3 Qg5+ $10) 47... g5 {/\Qh1} 48. Ne2 Qa7+ (
48... Nxe2 49. Kxe2 Qe5 50. Kd3 $18) 49. Kg3 (49. Qe3 $4 Nd3+) 49... Nxe2+ 50.
Qxe2 Qg1+ 51. Kh3 {Hecht: White is able to realize his material advantage,
altough his king is walking around in the open air.} Kg7 52. f4 $1 Qd4 (52...
gxf4 $2 53. Qg4+ Qxg4+ 54. Kxg4 $18) 53. Qf3 f5 $6 (53... Qc3 54. Qg3 $1 $18) (
53... gxf4 $142 $16) 54. exf5 gxf4 55. Kg4 Kf6 56. Qxf4 $18 Qd1+ (56... Qxd5
57. Qh6+ (57. Qg5+ {Hecht} Kf7 58. Qg6+ Kf8 59. Qf6+ $18 {exchaging Qs}) 57...
Ke5 58. Qe6+ $1 Qxe6 59. fxe6 Kxe6 60. Kf4 $18) 57. Qf3 Qg1+ 58. Kh3 Qg5 59.
Qe4 {/\Qe6} Qd2 $6 (59... Qxf5+ 60. Qxf5+ Kxf5 61. Kg3 Ke5 62. h4 $18) 60. Qe6+
Kg5 (60... Kg7 {Hecht} 61. f6+ Kg6 62. f7+ Kg7 63. Qxd6 Kxf7 64. Qe6+ Kg7 65.
d6 $18) 61. Qg6+ (61. Qg6+ Kf4 62. Qh6+) 1-0

[Event "Amsterdam Euwe Memorial"]
[Site "Amsterdam"]
[Date "1996.03.31"]
[Round "8"]
[White "Lautier, Joel"]
[Black "Kasparov, Garry"]
[Result "1/2-1/2"]
[WhiteElo "2630"]
[BlackElo "2775"]
[Annotator "Stohl,I"]
[PlyCount "54"]
[EventDate "1996.03.22"]
[EventType "tourn"]
[EventRounds "9"]
[EventCountry "NED"]
[EventCategory "18"]
[SourceTitle "CBM 052"]
[Source "ChessBase"]
[SourceDate "1996.06.01"]
[SourceVersion "1"]
[SourceVersionDate "1996.06.01"]
[SourceQuality "1"]

1. d4 {Ftacnik} Nf6 2. c4 g6 3. Nc3 Bg7 4. e4 d6 5. f3 O-O 6. Bg5 c5 7. d5 a6 (
7... e6 8. Nge2 h6 9. Be3 exd5 10. cxd5 a6 11. a4 Nbd7 12. Qd2 Nh7 13. Nf4 Ne5
14. Be2 Nf6 15. g4 Bd7 16. Ng2 h5 17. g5 Nh7 18. O-O b5 19. Kh1 Re8 20. Ra2 Rb8
21. axb5 axb5 22. b3 f6 23. gxf6 Qxf6 24. Ra6 $13 {Dao Thien Hai-Gdanski,J/
Budapest FS02 GM/1996/}) 8. a4 h6 9. Be3 e6 10. Qd2 exd5 11. cxd5 Re8 12. Nge2
Nbd7 (12... h5 13. Nf4 (13. Nc1 Nbd7 14. Nd3 Nh7 15. Be2 Ne5 16. Nf2 f5 17. O-O
Nf6 (17... h4 18. Kh1 Bd7 19. exf5 Bxf5 20. Nfe4 Rc8 21. Bh6 Bh8 22. g4 hxg3
23. Nxg3 Qd7 24. Nce4 Nf7 25. Bf4 Nf6 26. Bd3 Nxe4 27. fxe4 Bg4 28. Be2 Ne5 29.
Ra3 $13 {Fauland,A-Schumi,M/AUT-ch/1993/}) 18. exf5 Bxf5 19. h3 Qc7 20. g4 Bd7
21. g5 Nh7 22. f4 Nf7 23. Bd3 Nf8 24. Rae1 Qc8 25. Kg2 b6 26. Qc2 Bf5 $132 {
Bricard,E-Gschnitzer,O/Wildbad/1990/}) 13... Nbd7 14. Be2 Ne5 15. O-O Rb8 16.
Kh1 Bd7 17. Rfb1 b5 18. axb5 Bxb5 19. Nxb5 axb5 20. b3 Re7 21. Ra5 b4 22. Ra6
Reb7 23. Nd3 Nxd3 24. Bxd3 Ne8 25. f4 Nc7 26. Ra2 Nb5 27. Bxb5 Rxb5 28. Qd3 $14
{Milanovic,D-Matulovic,M/Pozarevac/1995/}) (12... Nh7 $5 13. Nf4 Nd7 14. Be2
Ne5 15. O-O Bd7 16. Rfb1 Rc8 17. a5 Nf6 18. b3 g5 19. Nd3 Nxd3 20. Bxd3 Nh5 21.
Ra2 f5 22. Bf2 Qf6 23. Na4 fxe4 24. Bxe4 Bf5 25. Bxf5 Qxf5 26. Qc2 Qf7 27. Nb6
Rcd8 28. b4 Bd4 29. Qc4 Nf4 $132 {1/2/Georgadze,Ta-Spraggett,K/Dortmund/1984/})
13. Nd1 $5 (13. Bxh6 Nxe4 14. Nxe4 Qh4+ 15. g3 Qxh6 16. Qxh6 Bxh6 17. Nxd6 Rd8
18. Nc4 (18. Bh3 f5 $44) 18... b5 (18... Rb8 $1 $44) 19. axb5 Bb7 20. bxa6 Bxd5
21. Nc3 Bxf3 22. Rg1 Nb8 23. Kf2 Bb7 24. a7 Na6 25. Bg2 $16 {Cebalo,M-Rogic,D/
CRO-Cup Pula/1995/}) (13. Ng3 $6 h5 14. Be2 (14. Bg5 Qa5 15. Ra3 Nh7 16. Be3 h4
17. Nge2 Ne5 18. Nc1 h3 19. Kf2 Qd8 20. g3 Qf6 21. Be2 Ng4+ 22. Ke1 Nxe3 23.
Qxe3 Qe7 24. Nb3 f5 25. Nd2 fxe4 26. Ndxe4 Bf5 $36 {Markmann,U-Hermesmann,H/2.
BLW 9293/1993/}) 14... h4 15. Nf1 Nh7 16. Bf2 Ne5 17. Ne3 Qg5 18. O-O f5 19.
Kh1 f4 20. Nc4 Nxc4 21. Bxc4 Be5 22. Qe1 Qh6 23. Bxh4 g5 24. Bf2 Nf6 25. g3 Kf7
26. h4 Rh8 27. Rg1 Nh5 $1 $40 {Novikov-Loginov /Volgodonsk otbor/1983/}) 13...
Ne5 14. Nec3 Nh5 $5 $146 (14... Bd7 15. Be2 Kh7 16. O-O Rb8 17. a5 b5 18. axb6
Rxb6 19. Nf2 (19. Rxa6 $5) 19... a5 $1 20. Ra2 Rb4 21. Rfa1 Qb6 22. Rxa5 Rxb2
23. Qc1 Rb8 24. Bd2 Qb3 25. R5a3 Qc2 26. Qxc2 Rxc2 27. R3a2 $10 {1/2/Lautier,
J-Kasparov,G/Horgen/1995/}) (14... Nh7 15. Be2 f5 16. O-O Nf7 17. Kh1 (17. Nf2
Bd7 18. Kh1 Rc8 19. Rac1 Nf6 20. exf5 Bxf5 21. Bd3 Bxd3 22. Qxd3 Ne5 23. Qc2
Kh7 24. Nh3 b5 25. axb5 axb5 26. Nf4 b4 27. Ne4 Nxe4 28. Qxe4 Qf6 29. Ne6 Qf5
$15 {Foisor,O-Cvitan,O/Tbilisi/1986/}) 17... Nf6 18. exf5 Bxf5 19. g4 Bd7 20.
Bf4 b5 21. Ne3 Qe7 22. Ncd1 bxa4 23. Bd3 Bb5 24. Rf2 g5 25. Bg3 Ne5 $13 {
1/2/Kelecevic,N-Zueger,B/Bad Ragaz/1994/}) 15. Bxh6 (15. Be2 f5 (15... Qh4+ 16.
g3 Nxg3 $2 17. Bf2 $18) 16. exf5 (16. Bxh6 Qh4+ 17. Nf2 (17. g3 Nxg3 18. Bg5
Qh5 $17) 17... Bxh6 18. Qxh6 f4 {[%cal Re8e7,Re7h7] /\Re7-h7-+} 19. g3 fxg3 20.
hxg3 Qxg3 21. O-O-O Qf4+ $15) 16... gxf5 17. O-O Qf6 $5 $13 {/\f4}) 15... Qh4+
16. Nf2 Bxh6 17. Qxh6 f5 {[%csl Rh6] ףh6} 18. Qd2 Rb8 19. Be2 f4 $44 {[%csl
Ge5,Gf4] Black has a strong bind on the black squares, controls e5 and has
attacking chances if White hides his K on the K-side. Therefore Lautier
launches a drwing combination.} 20. g3 $5 (20. O-O Re7 $44) 20... fxg3 21. hxg3
Qxg3 {[#]} 22. O-O-O $1 (22. Qh6 {Ftacnik} Rf8 $17) 22... Qxf2 (22... Qf4 23.
Nd3 $5 Nxd3+ 24. Bxd3 $132 {[%csl Rg6,Rg8][%cal Yc3e2] /\Ne2,><g6,Kg8}) 23. Qg5
Bg4 $5 (23... Qg3 $6 24. Rxh5 Qxg5+ 25. Rxg5 Rf8 26. Kd2 $1 {[%cal Rd2e3,Rf3f4]
/\Ke3,f4|^}) (23... Ng3 $6 24. Qf6 Nxh1 25. Rxh1 Nf7 (25... Qe3+ {Ftacnik} 26.
Kb1 Nf7 27. Qxg6+ Kf8 28. Rh7 Re7 (28... Qf4 29. Rxf7+ Qxf7 30. Qxd6+ Kg8 31.
Qxb8 $16) 29. Rxf7+ Rxf7 30. Qxd6+ Kg8 31. Qxb8 $16) 26. Qxg6+ Kf8 27. Rh7 Re7
28. Rxf7+ Rxf7 29. Qxd6+ Kg7 30. Qxb8 $16) (23... Kf7 24. Rxh5 gxh5 25. f4 $40)
(23... Ng7 24. Rdf1 (24. f4 Nf7 $17) (24. Rhf1 {Ftacnik} Nf7 (24... Qh2 25. Rh1
$10) 25. Qf4 Qg2 26. Rg1 Qh3 27. Rxg6 $40) 24... Qd4 (24... Nf7 25. Qxg6 Qe3+
26. Kb1 $44) 25. f4 Nd3+ 26. Bxd3 Qxd3 27. Qxg6 $40 {All alternatives to the
text move are extremely dangerous for Black, so Kasparov plays it safe.}) 24.
Rdf1 (24. fxg4 $2 Qf4+ 25. Qxf4 Nxf4 $17) 24... Qd4 25. Rd1 (25. fxg4 $2 Ng3
$17 {/\} 26. Qf6 $2 Nxh1 27. Rxh1 Nd3+ $19) 25... Qf2 (25... Qb4 {Ftacnik} 26.
fxg4 Ng3 27. Qf6 $18) 26. Rdf1 $10 Qd4 27. Rd1 Qf2 1/2-1/2

[Event "Ciocaltea Memorial"]
[Site "Bucharest"]
[Date "1999.03.09"]
[Round "6"]
[White "Conquest, Stuart"]
[Black "Florean, Andrei"]
[Result "1/2-1/2"]
[WhiteElo "2488"]
[BlackElo "2459"]
[Annotator "Stohl,I"]
[PlyCount "84"]
[EventDate "1999.03.04"]
[EventType "tourn"]
[EventRounds "13"]
[EventCountry "ROU"]
[EventCategory "10"]
[SourceTitle "CBM 070"]
[Source "ChessBase"]
[SourceDate "1999.06.08"]
[SourceVersion "1"]
[SourceVersionDate "1999.06.08"]
[SourceQuality "1"]

1. d4 Nf6 2. c4 c5 3. d5 d6 4. Nc3 g6 5. e4 Bg7 6. Bd3 O-O 7. Nge2 e6 8. O-O ({
In CBM 68 this dangerous line is thoroughly analysed, especially with the
immediate} 8. h3 exd5 9. cxd5 Na6 $6 10. O-O Rb8 11. Bg5 Nb4 12. Bb1 b5 13. f4
Qc7 14. Ng3 c4 15. Kh1 Na6 16. e5 Ne8 17. exd6 Nxd6 18. f5 Be5 19. Nce4 Nc5 20.
Nf6+ Bxf6 21. Bxf6 Ne8 22. Bg5 Qe5 23. Qd2 Rb7 24. Bf4 Qf6 25. Bh6 $18 {
->,Gabriel,C-Bangiev,A/Bremen GER-ch/1998/}) 8... exd5 9. cxd5 a6 {It's not
clear what Black's best method of counterplay should be.} (9... b6 10. a4 Ba6 (
10... Na6 11. Bg5 (11. h3 Nb4 12. Bc4 $5 Ba6 13. Bxa6 Nxa6 14. Bg5 h6 15. Be3
Nb4 16. Qd2 Re8 17. f3 h5 18. Rad1 Nd7 19. Bg5 Qc7 20. Bh6 Bh8 21. f4 c4 22. e5
Qc5+ 23. Kh1 Nd3 24. Ne4 Qxd5 25. Nxd6 Red8 26. Nc3 Qc6 27. b3 N7xe5 28. fxe5
Nxe5 29. bxc4 Nxc4 30. Qf4 $1 $18 {Wilder,M-Hamilton,R/Saint John/1988/}) 11...
Nb4 12. Bc4 $1 {Here the B is better placed, than on b1, it stops <<
counterplay by Black.} a6 13. Qd2 Qe8 14. Ng3 Ng4 15. Be2 f6 16. Bf4 Ne5 17.
Be3 Bd7 18. f4 Nf7 19. f5 $1 Ne5 20. h4 Rb8 21. Bf4 c4 22. fxg6 hxg6 23. h5 g5
24. Bxe5 Qxe5 25. Nf5 Rbc8 26. h6 $16 {Seirawan,Y-Fedorowicz,J/Estes Park
USA-ch/1987/}) 11. Nb5 $1 {is a very effective idea of one of the lines main
exponents Knaak:} Nbd7 12. Nec3 Qe7 13. Re1 Ne5 14. Be2 Ne8 15. f4 Nd7 16. Bf3
Bxb5 17. axb5 Bd4+ 18. Be3 Bxe3+ 19. Rxe3 g5 20. g3 gxf4 21. gxf4 Qh4 22. Bg4
Qe7 23. Qc2 Ng7 24. Kh1 Kh8 25. e5 Rfd8 26. Rg1 $16 {->,Knaak,R-Suetin,A/Sochi/
1980/}) 10. a4 Qc7 {This often only transposes into the main line, which is
however very dangerous for Black:} (10... Nbd7 11. h3 Qc7 12. f4 Re8 13. Ng3 c4
14. Bc2 Rb8 15. Be3 Nc5 16. Bd4 b5 17. axb5 axb5 18. f5 $1 (18. e5 dxe5 19.
fxe5 Rxe5 20. Qf3 Rg5 $13) 18... g5 19. Qc1 h6 20. h4 b4 21. hxg5 bxc3 {
Knaak,R-Bangiev,A/Bremen GER-ch/1998/} 22. gxf6 cxb2 23. Bxb2 Qb6 24. Qd1 $1
$16 {Knaak}) 11. Kh1 ({In our game White tries to do without h3, but the text
is a rather less useful move than} 11. h3 $142 {-see above.}) (11. Ng3 Nbd7 12.
Qe2 (12. f4 c4 13. Bc2 Rb8 14. Be3 b5 15. axb5 axb5 16. Ra7 (16. h3 b4 17. Nce2
Nc5 18. Nd4 Bb7 19. Qf3 Nfd7 20. Rad1 b3 21. Bb1 Na4 22. Rf2 Ba6 $6 23. e5 dxe5
24. Nc6 $36 {Hess,R-Danner,G/Reggio Emilia/1979/}) 16... Qd8 17. h3 Nb6 18. Qf3
b4 19. Nce2 Rb7 20. Rfa1 Qc7 21. R7a5 Re8 22. Nd4 h5 23. Nge2 Bd7 24. e5 Nfxd5
25. Rxd5 Nxd5 26. Qxd5 dxe5 27. Bxg6 Bc8 28. Nb5 Rxb5 29. Qxb5 Bd7 30. Qd5 Be6
$11 {Ek,H-Jansson,B/Bollnas/1973/}) (12. Kh1 Rb8 13. Qe2 Re8 14. f4 Nb6 15. f5
c4 16. Bb1 Nbxd5 17. Qf3 Nxc3 18. bxc3 b5 19. Bg5 Rf8 20. h4 b4 21. Ra2 bxc3
22. Raf2 Rb2 23. Bc2 Bb7 24. h5 $13 {/=/+,Gereben,E-Bilek,I/Bordeaux/1964/})
12... Re8 13. f4 c4 $5 14. Bxc4 Nc5 15. e5 dxe5 16. f5 e4 17. Bg5 Qe5 18. Bf4
Qe7 19. d6 Qd8 20. Bxf7+ Kxf7 21. Qc4+ Ne6 22. fxe6+ Bxe6 23. Qd4 Rc8 24. Be5
Rc4 25. Qa7 Kg8 26. Qxb7 Bc8 $132 27. Qb3 Be6 28. Qb7 Bc8 29. Qb3 Be6 30. Qb7 {
1/2,Bilek,I-Stein,L/Amsterdam izt/1964/}) 11... Nbd7 12. f4 Re8 13. Ng3 c4 14.
Bc2 b6 (14... Rb8 15. a5 $5 $14) (14... Nc5 $5 15. Qe2 (15. Be3 Ncxe4 16. Ncxe4
Nxe4 17. Nxe4 f5 $15) 15... Bd7 16. Qxc4 b5 $132) 15. e5 $5 {A brave decision.}
({White goes for it, although he is better after} 15. Be3 $14 {[%csl Gd5,Ge4,
Gf4] |^,[+]}) 15... dxe5 16. f5 (16. d6 Qc6 17. f5 (17. Nge4 exf4 $17) 17...
Bb7 18. Nce4 $44 {/\ is similar to the game.} Nc5 $2 19. fxg6 hxg6 20. Rxf6 $18
) 16... Bb7 (16... e4 $5 17. Ngxe4 Nxe4 18. Nxe4 Qe5 19. Bf4 Qxb2 20. Rb1 $13)
17. Bg5 b5 $5 {/\b4} 18. d6 $1 (18. axb5 axb5 19. Nxb5 Qc5 $17) 18... Qc6 19.
Nce4 Nd5 (19... Nxe4 20. Bxe4 Qc8 21. Qf3 $36) 20. Qg4 (20. Qf3 Nb4 21. fxg6
fxg6 22. Qf7+ Kh8 $17) 20... Nb4 (20... N7f6 21. Qh4 Nxe4 22. Nxe4 $40) 21. Bd1
Nd3 (21... f6 $2 22. Bd2 $1 $40 (22. fxg6 $2 fxg5 (22... hxg6 23. Bh6 $1 $16)
23. gxh7+ Kh8 24. Rf7 Rf8 $5 {/\} 25. Rxd7 Qxe4 $19)) 22. Bf3 Qc8 23. Qh4 N3c5
24. f6 $6 {This pawn will cause White more trouble, than Black.} (24. Be7 $5
$36) 24... Nxe4 25. Bxe4 Bh8 $1 {[%csl Rf6] [],><f6} (25... Bf8 26. Nf5 $1 (26.
Bxb7 Qxb7 27. Ne4 h5 $13) 26... Bxe4 (26... gxf5 27. Bxf5 h6 28. Bxh6 $18) 27.
Nh6+ Kh8 28. Nxf7+ Kg8 29. Nh6+ Kh8 (29... Bxh6 30. f7+ $18) 30. Qxe4 $16 {/+-}
) 26. Ra3 {Despite it's cramped appearance it's not easy to break Black's
position.} (26. Nf5 Bxe4 (26... gxf5 27. Bxf5 $18) 27. Nh6+ (27. Ne7+ Rxe7 28.
fxe7 Qc6 $17) 27... Kf8 28. Qxe4 Re6 $5 $132) 26... Re6 27. Bxb7 Qxb7 28. Ne4 (
28. Nf5 gxf5 29. Rg3 Nf8 $19) 28... Qd5 29. Rh3 (29. Qh6 Qxe4 30. Rh3 Nxf6 31.
Bxf6 Bxf6 32. Qxh7+ Kf8 $19) 29... h5 $17 30. Rg3 (30. Re1 {/\g4} Nc5 31. Nxc5
Qxc5 32. g4 Qd5+ 33. Kg1 Qd4+ $19) 30... b4 31. Be3 c3 $1 32. bxc3 b3 33. Bc1 (
33. h3 $5 b2 $17) 33... Nxf6 $1 $19 34. Nxf6+ Bxf6 35. Qxh5 (35. Rxf6 Qd1+ $19)
35... Bg7 (35... Qxd6 $142 $19 {/\} 36. Rxg6+ fxg6 37. Qxg6+ Bg7 38. Qf7+ Kh8
39. Qh5+ Bh6) 36. Qh4 Qxd6 (36... Rf6 37. Rg1 Rf5 38. c4 $1 Qb7 39. Bb2 $132)
37. Rh3 Rf6 38. Rg1 Rb8 39. Bh6 $2 (39. Bg5 Re6 $17 (39... Rf5 $4 40. Be7 $18)
(39... b2 $5 40. Bxf6 Bxf6 (40... b1=Q $4 41. Qh8+ $18) 41. Qh7+ Kf8 42. Rb1
Ke7 43. Qh6 Rd8 $17)) 39... Rf5 40. Bg5 (40. Bxg7 Rh5 41. Bxe5 Qxe5 $19) 40...
f6 $2 (40... b2 $1 41. Rb1 (41. Be7 Qxe7 42. Qxe7 b1=Q $19) 41... Rf1+ 42. Rxf1
b1=Q 43. Qh7+ Kf8 44. Rhf3 f5 $19) 41. Qh7+ Kf8 (41... Kf7 $5 42. Bh6 b2 43.
Qxg7+ (43. Bxg7 b1=Q $19 {/\Qg1!}) 43... Ke6 44. Rb1 g5 $1 {/\} 45. Re3 Qd2 46.
Qa7 Qc1+ 47. Re1 Qxe1+ 48. Rxe1 b1=Q $19) 42. Bh6 Bxh6 $17 (42... Bxh6 43. Rxh6
(43. Qxh6+ Kf7 44. Qh7+ Ke6 $17) 43... Rh5 $5 (43... b2 $2 44. Rxg6 $13) 44.
Qxg6 (44. Qh8+ Ke7 45. Qg7+ Ke6 $17 {/\} 46. Rf1 Rf5 $19) 44... Rxh6 45. Qxh6+
Ke7 $17 {[%csl Gb3] o^b3}) 1/2-1/2

[Event "EU-ch 2nd"]
[Site "Ohrid"]
[Date "2001.06.10"]
[Round "9"]
[White "Khenkin, Igor"]
[Black "Reinderman, Dimitri"]
[Result "1/2-1/2"]
[WhiteElo "2609"]
[BlackElo "2539"]
[Annotator "Stohl,I"]
[PlyCount "47"]
[EventDate "2001.06.01"]
[EventType "swiss"]
[EventRounds "13"]
[EventCountry "YUG"]
[SourceTitle "CBM 084"]
[Source "ChessBase"]
[SourceDate "2001.09.13"]
[SourceVersion "1"]
[SourceVersionDate "2001.09.13"]
[SourceQuality "1"]

1. d4 Nf6 2. c4 g6 3. Nc3 Bg7 4. e4 d6 5. f3 O-O 6. Nge2 c5 7. d5 e6 8. Ng3
exd5 9. cxd5 Nh5 $5 {This dynamic move first appeared on the scene some 3
years ago and even further practice and improvements from both sides have
shown it's viability for Black. It starts a clash, typical for modern chess in
general-active piece play versus sound pawn structure.} 10. Nxh5 gxh5 11. Bd3 (
11. Bf4 $5 f5 12. Qd2 Qf6 13. Bg5 Qg6 14. Bd3 Na6 (14... fxe4 $5 15. Nxe4 Bf5
16. O-O Nd7 $132) 15. O-O (15. O-O-O Bd7 16. g4 hxg4 17. fxg4 fxg4 18. h3 g3
19. Rhg1 Be5 20. Ne2 Nb4 21. Bb1 Rf2 22. Be3 Raf8 $1 23. a3 Na6 24. Bxf2 Rxf2
$17 {Harakis,A-Buckley,G/London/2000/}) 15... Bd7 16. Rae1 Rf7 (16... Rae8 $142
$14) 17. exf5 Bxf5 18. Re6 Bf6 19. Rxf6 Rxf6 20. Bxa6 bxa6 21. Bxf6 Qxf6 22.
Ne4 Bxe4 23. fxe4 Qd4+ 24. Qxd4 cxd4 25. Rd1 $16 {[%csl Ra6,Rd4,Rd6,Rh5] Ward,
C-Buckley,G/BCF-ch Millfield/2000/ In the _|_ Black's ruined P finally begin
to tell.}) 11... f5 (11... Nd7 12. f4 f5 13. O-O (13. exf5 $5 Re8+ 14. Kf1 $14)
13... Nf6 14. h3 $6 fxe4 15. Nxe4 Nxe4 16. Bxe4 Qf6 17. Kh1 Bf5 18. Bxf5 Qxf5
19. Be3 Rae8 20. Bg1 Re4 21. Rb1 h4 $17 {[%cal Ge8e1,Gh8a1] <->e,/^a1-h8,
Agrest,E-Kazhgaleyev,M/Nice/2000/}) 12. O-O Nd7 (12... f4 $143 $6 13. Ne2 Be5
14. g3 $1 {Black's << pieces are unprepared for the opening of the position.}
fxg3 15. hxg3 Bh3 16. Rf2 h4 17. Rh2 Qc8 18. Nf4 c4 (18... hxg3 19. Rxh3 Bxf4
20. Rh4 $32 {->}) 19. Rxh3 Rxf4 20. Bf1 Rf7 21. f4 Bf6 22. Qc2 Rg7 23. Be3 hxg3
24. Rh6 Qd8 25. Bh3 Nd7 26. Be6+ Kh8 27. Kg2 Nf8 28. Rah1 $40 {Narciso Dublan,
M-Herraiz Lopez,H/Barcelona/2000/}) (12... Na6 13. a3 Bd7 14. Kh1 $5 (14. Qc2
Qf6 15. Kh1 Rac8 16. Be3 c4 17. Be2 b5 18. Bxa7 Nc5 19. Rad1 {Chernin,A-Glek,I/
BL2W 9899/1998/} f4 $1 $44) 14... f4 $6 {Again premature.} (14... Qf6 $142 $13)
15. Ne2 Be5 16. g3 fxg3 17. Nxg3 Qh4 18. f4 Bxf4 19. Bxf4 Rxf4 20. Rxf4 Qxf4
21. Nxh5 Qe5 22. Qf3 Kh8 23. Rf1 h6 24. Qf7 {1-0,Khenkin,I-Fishbein,A/New York
op/2000/}) 13. Bc2 (13. Ne2 c4 $5 14. Bc2 $13 {1/2,Dreev,A-Bologan,V/Beijing/
2000/} (14. Bxc4 fxe4 $44)) 13... Ne5 14. Ne2 Ng6 $5 {A more recent move, but
also interesting is the tactical sortie} (14... Qh4 15. f4 Nc4 16. Ng3 Nxb2 17.
Qe2 Qg4 18. Rf3 h4 19. e5 dxe5 20. h3 Qg6 21. fxe5 Nc4 $1 22. Qxc4 Bxe5 23. Rb1
Bxg3 24. Bf4 {Dreev,A-Peng Xiaomin/Beijing/2000/} Bxf4 25. Rxf4 Qd6 $13) 15.
exf5 (15. Ng3 fxe4 (15... f4 16. Nxh5 Be5 (16... Bd4+ 17. Kh1 Qh4 18. Nxf4 Nxf4
19. g3 $16) 17. g4 $14) 16. Bxe4 h4 $13) 15... Bxf5 16. Bxf5 Rxf5 17. Ng3 Rf7
18. Nxh5 Bd4+ 19. Kh1 Qh4 20. f4 Re8 $44 21. Bd2 Bxb2 $146 {[%mdl 8]} (21...
Ne5 22. Be1 Qg4 23. Bc3 Bxc3 24. bxc3 Ref8 25. Re1 Qxd1 26. Raxd1 Ng4 27. Kg1
Rf5 28. h3 Rxh5 29. hxg4 Rh4 30. g3 Rxg4 31. Kf2 $14 {Elsness,F-Trygstad,K/
Gausdal/2001/}) 22. Rb1 Bd4 23. Rb3 Qe7 24. Ng3 $13 (24. f5 $2 Qe2 $1 25. Ng3
Qxd1 26. Rxd1 Nh4 27. Rf1 Re5 $17) (24. Ng3 Qd7 {[%cal Yb7b5] /\b5} (24... c4
25. Rb4 Rc8 26. Qc2 $36 {[%cal Rb4c4,Yg3f5] /\Rc4,Nf5}) (24... Qh4 25. Qb1 $1
$16) 25. Qh5 (25. f5 Ne7 (25... Ne5 26. Qh5 (26. Ne2 Rxf5 27. Rxf5 Qxf5 28.
Nxd4 cxd4 29. Rxb7 Nd3 30. Qf3 Qxf3 31. gxf3 Ne1 $11) 26... Nc4 27. Bh6 $13)
26. Qf3 Bg7 $1 $15 {[%cal Re8f8] /\Ref8}) 25... b5 26. Rbf3 $13) 1/2-1/2